00330pab a2200121 454500008004000000100001800040245007900058260000900137300001100146362001000157650002400167773001700191180718b1984 xxu||||| |||| 00| 0 eng d aGirling, John aHegemony and domination in Third World countriesbA case study of Thailand c1984 a435-52 aSept. aThailand - Politics aAlternatives